000 00319nam a2200121Ia 4500
008 240731s9999 xx 000 0 und d
022 _a2333-6498
245 0 _aAustralian Journal of Maritime & Ocean Affairs
260 _bRoutledge
856 _uhttps://www.tandfonline.com/loi/ramo20
942 _2ddc
942 _cTFEJ
999 _c75544
_d75544
945 _a1
_bMadushi Gamage
_c1
_dMadushi Gamage